Getting Things Done / (Record no. 1974)
[ view plain ]
| 000 -LEADER | |
|---|---|
| fixed length control field | 00569nam a2200229 a 4500 |
| 001 - CONTROL NUMBER | |
| JCCL Control Number | 1974 |
| 003 - CONTROL NUMBER IDENTIFIER | |
| JCCL marc code | BD-JhCC |
| 005 - DATE AND TIME OF LATEST TRANSACTION | |
| control field | 20171026212103.0 |
| 008 - FIXED-LENGTH DATA ELEMENTS--GENERAL INFORMATION | |
| fixed length control field | 171026s2001 n a|||| || | 001 0 eng d |
| 020 ## - INTERNATIONAL STANDARD BOOK NUMBER | |
| International Standard Book Number | 9780142000281 |
| 035 ## - SYSTEM CONTROL NUMBER | |
| system control number | (BD-JhCC)1974 |
| 040 ## - CATALOGING SOURCE | |
| Original cataloging agency | BD-JhCC |
| Modifying agency | BD-JhCC |
| 041 ## - LANGUAGE CODE | |
| Language code of Book | eng |
| 082 ## - DEWEY DECIMAL CLASSIFICATION NUMBER | |
| DDC Edition number | 23 |
| Classification number | 646.7 |
| Author mark and Year | ALL 2001 |
| 100 ## - MAIN ENTRY--PERSONAL NAME | |
| Personal name | Allen, David |
| 245 ## - TITLE STATEMENT | |
| Title | Getting Things Done / |
| Statement of responsibility, etc | David Allen, |
| 260 ## - PUBLICATION, DISTRIBUTION, ETC. (IMPRINT) | |
| Place of publication, distribution, etc | New York : |
| Name of publisher, distributor, etc | Penguin Books, |
| Date of publication, distribution, etc | 2001 |
| 300 ## - PHYSICAL DESCRIPTION | |
| Pagination | 267 p. : |
| Dimensions | 20 cm. |
| 650 ## - SUBJECT ADDED ENTRY--TOPICAL TERM | |
| Topical term or geographic name as entry element | Beauty and Grooming |
| 942 ## - ADDED ENTRY ELEMENTS (KOHA) | |
| Source of classification or shelving scheme | Dewey Decimal Classification |
| Koha item type | Books |
| Source of classification or shelving scheme | Damaged status | Not for loan | Home library | Current library | Shelving location | Date of accession | Cost, normal purchase price | Total Checkouts | Full call number | Barcode | Date last seen | Date checked out | Copy number | Koha item type |
|---|---|---|---|---|---|---|---|---|---|---|---|---|---|---|
| Dewey Decimal Classification | JCC Rouf Library | JCC Rouf Library | General Stacks | 11/08/2023 | 16.00 | 4 | 646.7 ALL 2001 | 3334 | 07/07/2024 | 07/02/2024 | C-1 | Books |